Správa daní.

Sústava daňových orgánov na území SR je v súčasnosti určená zákonom SNR čs. 84/1991 Zb. Sídla a pôsobnosť daňových orgánov určuje vyhláška MF SR č. 316/1991 Zb. Sústavu daňových orgánov tvorí 144 daňových úradov a 7 daňových riaditeľstiev. Charakteristika opatrení zameraných na kvalitnejšiu prácu da...

Full description

Saved in:
Bibliographic Details
Format: Book Chapter
Language:Slovak
Subjects:
Tags: Add Tag
No Tags, Be the first to tag this record!

MARC

LEADER 00000naa a2200000 4500
001 r007642
005 20220831085629.6
041 0 |a slo 
044 |a [CS] 
245 1 0 |a Správa daní. 
520 |a Sústava daňových orgánov na území SR je v súčasnosti určená zákonom SNR čs. 84/1991 Zb. Sídla a pôsobnosť daňových orgánov určuje vyhláška MF SR č. 316/1991 Zb. Sústavu daňových orgánov tvorí 144 daňových úradov a 7 daňových riaditeľstiev. Charakteristika opatrení zameraných na kvalitnejšiu prácu daňových orgánov a na vyššiu úroveň kontrolnej činnosti. 
610 2 0 |a dane 
610 2 0 |a Slovensko 
610 2 0 |a úrady daňové